|
|
|
|
| LEADER |
00000nab a2200000 r4500 |
| 001 |
vtls011834674 |
| 003 |
SK-MaSNL |
| 005 |
20260303162127.0 |
| 008 |
190117c2018 xo sr|p|||||||000 b|slo |
| 015 |
|
|
|a SNBRB2019/01
|
| 038 |
|
|
|a PPPK
|
| 040 |
|
|
|a PPPKCL
|b slo
|e rda
|
| 041 |
0 |
|
|a slo
|
| 043 |
|
|
|a e-xo---
|
| 044 |
|
|
|a xo
|c SK
|
| 072 |
|
7 |
|a 929
|x Biografie
|2 konspekt
|
| 080 |
|
|
|a 929-058.1
|2 2011
|
| 080 |
|
|
|a 373.5.011.3-051
|2 2011
|
| 100 |
1 |
|
|a Baráthová, Nora,
|d 1944-
|4 aut
|9 163499
|
| 245 |
1 |
0 |
|a Najprísnejší profesor
|c Nora Baráthová
|
| 300 |
|
|
|b Fotografie
|
| 336 |
|
|
|a text
|b txt
|2 rdacontent
|
| 337 |
|
|
|a bez média
|b n
|2 rdamedia
|
| 338 |
|
|
|a zväzok
|b nc
|2 rdacarrier
|
| 600 |
1 |
7 |
|a Lányi, Juraj,
|d 1918-1987
|2 pppkcl
|9 1185379
|
| 610 |
2 |
7 |
|a Gymnázium P.O. Hviezdoslava (Kežmarok, Slovensko)
|2 pppkcl
|9 31949
|
| 650 |
0 |
7 |
|a osobnosti
|2 pppkcl
|9 29820
|
| 650 |
0 |
7 |
|a stredoškolskí učitelia
|2 pppkcl
|9 4274
|
| 650 |
0 |
7 |
|a rodáci
|2 pppkcl
|9 30842
|
| 651 |
|
7 |
|a Kežmarok (Slovensko)
|2 pppkcl
|9 26808
|
| 651 |
|
7 |
|a Levoča (Slovensko)
|2 pppkcl
|9 26696
|
| 773 |
0 |
|
|t Noviny Kežmarok : kultúrno-spoločenský mesačník mesta
|g Roč. 3, č. 11 (2018), s. 11
|x 2453-7608
|
| 852 |
|
|
|a PPPK
|b KIS3GCP
|
| 958 |
|
|
|a BX
|
| 999 |
|
|
|c 2052324
|d 2054254
|